000 00571nam a2200229Ia 4500
003 OSt
005 20220924153021.0
006 a|||||r|||| 00| 0
007 ta
008 220923b |||||||| |||| 00| 0 guj d
024 _a346485
037 _cTextual
040 _aARTS
_cARTS
_bguj
041 _2guj
_aguj
082 _aO156,3N081x, K0
100 _aBrahmbhatt
_9227992
245 0 _aBe pankhibe mala
260 _c1960
650 _aGUJRATI LITERATURE
942 _hO156,3N081x, K0
_cTEXL
_2CC
999 _c472026
_d472026